Paroles - Chanson pour les enfants l'hiver (J. Prévert) - Statistiques

Statistiques générales
  • Ce quiz a été pris 745 fois
  • Le résultat moyen est 39 sur 87
Statistiques - réponses
Réponse % Correct
l'
92%
le
84%
Le
84%
le
84%
d'
83%
d'
83%
d'
83%
C'
82%
la
82%
la
82%
S'
81%
hiver
80%
de
77%
de
77%
de
77%
de
77%
Ne
73%
Ne
73%
est
72%
en
69%
neige
69%
neige
69%
un
64%
un
64%
Un
64%
un
64%
Il
60%
Il
60%
Et
58%
Et
58%
Et
58%
sa
57%
sa
57%
froid
56%
une
56%
une
56%
une
56%
bonhomme
50%
bonhomme
50%
Dans
48%
Dans
48%
nuit
48%
se
48%
grand
46%
grand
46%
pour
44%
blanc
40%
son
39%
par
36%
Avec
35%
que
34%
que
34%
au
31%
Au
31%
maison
29%
sur
27%
homme
25%
bois
23%
eau
23%
petite
23%
sans
23%
chapeau
21%
pipe
21%
pipe
21%
pipe
21%
arrive
19%
réchauffer
19%
coup
18%
lumière
18%
entre
17%
rouge
17%
village
17%
flaque
16%
poêle
16%
Poursuivi
16%
puis
16%
voilà
16%
frapper
15%
Galope
15%
laissant
15%
laissant
15%
vieux
15%
assoit
14%
disparaît
14%
milieu
14%
rassuré
14%
Voyant
13%
Aucun quiz correspondant
Distribution des résultats
% des personnes avec chaque résultat
Percentile par nombre de réponses
Votre historique - résultats
Vous n’avez pas pris ce quiz